| 000 | 00534nam a22001697a 4500 | ||
|---|---|---|---|
| 008 | 230703b |||||||| |||| 00| 0 eng d | ||
| 020 | _a81-85727-35-X | ||
| 040 |
_aNational Science Library _cNational Science Library |
||
| 080 |
_a504.03 N6 _bN6 |
||
| 100 | _a'Azad', Chandra Shekhar | ||
| 245 | _aपवन वृक्ष और पर्यावरण | ||
| 246 | _aPawan Virkch aur paryavaran | ||
| 260 |
_aNew Delhi: _bTakshila Prakashan, _c1996 |
||
| 300 | _a112p. | ||
| 650 | _aEnvironmental science | ||
| 942 |
_2udc _cHBK |
||
| 999 |
_c48952 _d48952 |
||